|
|
|
|
| LEADER |
01485njm a2200373 a 4500 |
| 001 |
000733314 |
| 003 |
CZ BrMZK |
| 005 |
20041006105226.0 |
| 007 |
sd fsngnnmmned |
| 008 |
040908s1996 xr ppnne d cze d |
| 028 |
0 |
1 |
|a MAM 028-2
|b Indies
|
| 040 |
|
|
|a BOA001
|b cze
|
| 040 |
|
|
|a ABA001
|e cze
|
| 041 |
0 |
|
|d cze
|
| 045 |
|
|
|a x9x9
|
| 048 |
|
|
|b vu
|a od
|
| 080 |
|
|
|a 784.4
|2 MRF
|
| 080 |
|
|
|a 785.16
|2 MRF
|
| 080 |
|
|
|a (086.76)
|2 MRF
|
| 100 |
1 |
|
|a Koubek, Václav,
|d 1955-
|7 jn99240000506
|4 cmp
|4 lyr
|4 sng
|4 prf
|
| 245 |
1 |
0 |
|a Bezvětří
|h [zvukový záznam] /
|c [hudba, texty, zpěv, akordeon] Václav Koubek
|
| 260 |
|
|
|a Brno :
|b Indies ,
|c p1996
|
| 300 |
|
|
|a 1 zvuková deska (43:21) :
|b digital ;
|c 12 cm +
|e 1 brožura [12 s.]
|
| 306 |
|
|
|a 004321
|
| 518 |
|
|
|a Nahráno ve studiu R+R v Praze - Dejvicích v březnu 1996
|
| 505 |
0 |
0 |
|t Ptáci --
|t Bláznivá --
|t Procházka --
|t Bezvětří I --
|t Pojď blíž --
|t Háj --
|t Šílenec --
|t Bezvětří II --
|t Ulice --
|t Hodiny --
|t Motýli --
|t Město --
|t Bezvětří III --
|t Vlak --
|t Partička --
|t Bezvětří IV --
|t Tací --
|t Najděte --
|t Bezvětří V --
|t Mžitky
|
| 511 |
0 |
|
|a Doprovázejí různí instrumentalisté
|
| 500 |
|
|
|a Kompaktní deska
|
| 500 |
|
|
|a Texty písní v brožuře
|
| 650 |
0 |
7 |
|a folk
|7 ph119202
|2 czenas
|
| 655 |
|
7 |
|a kompaktní desky
|7 fd201991
|2 czenas
|
| 910 |
|
|
|a BOA001
|b CD-0011.707
|
| 990 |
|
|
|a AV
|
| 996 |
6 |
|
|b 261H012859
|c CD-0011.707
|l MZK
|r Sklad / do 24 hodin
|n 0
|w 000733314
|u 000010
|a 1
|e BOA001
|j MZK50
|s P
|